COSPAR Space Research (Record no. 6811)

MARC details
000 -LEADER
fixed length control field 00882nam a2200193Ia 4500
003 - CONTROL NUMBER IDENTIFIER
control field IN-BaIIA
008 - FIXED-LENGTH DATA ELEMENTS--GENERAL INFORMATION
fixed length control field 211028s9999 xx 000 0 eng d
020 ## - INTERNATIONAL STANDARD BOOK NUMBER
International Standard Book Number 0-08-024437-8
040 ## - CATALOGING SOURCE
Transcribing agency IIA Library
080 ## - UNIVERSAL DECIMAL CLASSIFICATION NUMBER
Universal Decimal Classification number 063.624.19 20
Item number RYC
111 ## - MAIN ENTRY--MEETING NAME
Meeting name or jurisdiction name as entry element open meetings of the working groups on physical sciences of the twenty-second plenary meeting of COSPAR
Location of meeting  Bangalore
Date of meeting or treaty signing 1979 May 29-June 9
9 (RLIN) 11667
245 #0 - TITLE STATEMENT
Title COSPAR Space Research
Remainder of title proceedings of the open meetings of the working groups on physical sciences of the twenty-second plenary meeting of COSPAR, vol. XX, held in Bangalore, India, 29 May-9 June, 1979
Statement of responsibility, etc. edited by M. J. Rycroft
260 ## - PUBLICATION, DISTRIBUTION, ETC.
Place of publication, distribution, etc. Oxford
Name of publisher, distributor, etc. Pergamon Press
Date of publication, distribution, etc. 1980
300 ## - PHYSICAL DESCRIPTION
Extent xiv, 285p.
650 ## - SUBJECT ADDED ENTRY--TOPICAL TERM
Topical term or geographic name entry element Astronomy and Astrophysics thesaurus
650 ## - SUBJECT ADDED ENTRY--TOPICAL TERM
Topical term or geographic name entry element Space sciences
9 (RLIN) 4479
700 ## - ADDED ENTRY--PERSONAL NAME
Personal name Rycroft, M. J., ed.
942 ## - ADDED ENTRY ELEMENTS (KOHA)
Koha item type Books
Holdings
Withdrawn status Lost status Damaged status Not for loan Home library Current library Shelving location Date acquired Cost, normal purchase price Total Checkouts Full call number Barcode Date last seen Cost, replacement price Price effective from Koha item type Purchase Price
        IIA Library-Bangalore IIA Library-Bangalore General Stacks 21/07/1981 475.00   063.624.19 20/ RYC 7573 05/11/2021 475.00 21/07/1981 Books Rs. 475

Powered by Koha